Les positions du Kamasutra - Statistiques

Statistiques générales
  • Ce quiz a été pris 570 fois
  • Le résultat moyen est 5 sur 84
Statistiques - réponses
Positions du Kamasutra % Correct
Le L
97%
La levrette
92%
Le missionnaire
86%
Le 69
65%
La brouette
26%
La position d'Andromaque
24%
La position de l'Amazone
24%
La position du lotus
7%
La brouette thailandaise
3%
Le marteau-piqueur
3%
La posture de la balancoire
2%
La posture de l'enclume
2%
Le grand écart
2%
L'étoile de mer
2%
La culbute
1%
La position de l'acrobate
1%
La position de l'arc en ciel
1%
La position de l'équerre
1%
La position de l'indolent
1%
La posture du roseau
1%
Le cerf en rut
1%
Le cheval inversé
1%
Le chevauchement
1%
Le latéral
1%
Le moulin à vent
1%
Le tape-cul
1%
L'étreinte du panda
1%
L'union du chat
1%
L'union du loup
1%
La balle gagnante
0%
La barque
0%
La berceuse
0%
La bête à deux têtes
0%
La chaise magique
0%
La cravate de notaire
0%
La danse du missionnaire
0%
La déesse aux cheveux longs
0%
La fleur béante
0%
La langue de chat
0%
L'alignement parfait
0%
La mystérieuse entrevue
0%
La position de la courtisane
0%
La position de la grenouille à la nage
0%
La position de l'antilope
0%
La position de l'artilleur
0%
La position de la tigresse
0%
La position de l'épicurien
0%
La position de l'homme debout
0%
La position des chimpanzés
0%
La position du noeud coulant
0%
La posture de la balance
0%
La posture de la charrue
0%
La posture de la Lune
0%
La posture de la tige
0%
La posture des cuillières
0%
L'approche du tigre
0%
L'arbre à fruits
0%
Le cache-cache
0%
Le charmeur de serpent
0%
Le cheval au galop
0%
Le collier de Vénus
0%
Le néophyte
0%
Le petit pont
0%
Le rêveur ardent
0%
Les nageurs
0%
Le tendre amant
0%
Le vol des mouettes
0%
L'herboriste
0%
L'offrande secrète
0%
L'union de l'abeille
0%
L'union de la déesse
0%
L'union de la grenouille
0%
L'union de l'aigle
0%
L'union de la pie
0%
L'union de la pieuvre
0%
L'union de la tortue
0%
L'union de l'éléphant
0%
L'union de l'huître
0%
L'union de l'Indra
0%
L'union des amants
0%
L'union du papillon
0%
L'union du scorpion
0%
L'union du tigre
0%
L'union suspendue
0%
Aucun quiz correspondant
Distribution des résultats
% des personnes avec chaque résultat
Percentile par nombre de réponses
Votre historique - résultats
Vous n’avez pas pris ce quiz